000 00609nam a2200205Ia 4500
003 OSt
005 20260310111126.0
020 _a978-0-8089-2317-6
040 _cLC
050 _aQP 34.5 .G 89 2006
100 _aGUYTON, ARTHUR C.
245 0 _aTEXTBOOK OF MEDICAL PHYSIOLOGY
250 _aINTERNATIONAL EDITION,
260 _aPHILADELPHIA,
_bELSEVIER SAUNDERS,
_c2006,
300 _aXXXV, 1116 P, ILL
500 _aINCLUDES BIBLIOGRAPHICAL REFERENCES AND INDEX
650 _a1. Human physiology 2. Physiology, Pathological 3. Physiological Processes
700 _aHALL JOHN E
942 _cBK
_2ddc
999 _c193211
_d193211